000 00906cam a2200229 4500
001 ABS65191
008 020307n2002 000 0 eng u
035 _a(Sirsi) u117042
100 _aVollans, P.
245 _aBudget and cost management.
260 _c2002
490 _aProject Management
_v14(1) February 2002, 36-37(2)
520 _aA brief overview of paper "Budget and Cost Management", which appears in Project Management Pathways. Identifies key factors involved in cost control process. Clear goals, realistic budget, good reporting systems, good change control system, good leadership and good sub-contract management are all perceived as effective cost control features. Tables.
590 _aABS
650 _aCOST CONTROL
650 _aBUDGET
650 _aCOSTS
650 _aCASH FLOW
650 _aCost management
_96233
690 _aProject management
_96261
942 _n0
999 _c69729
_d69729